000 01370nam a2200253Ia 4500
003 OSt
005 20200918132858.0
008 191128s2014 ck aodbgr 000 0dspa d
020 _a9789585841130
040 _aCO-JMCR
_cCO-JMCR
041 0 _aspa
082 0 4 _a911.86137 /
_bB275g
_223
100 1 _aBernal Duffo, Eufrasio,
_eautor
_910406
245 1 0 _aGeografía cultural e histórica de Turmequé :
_bilustrada /
_cEufrasio Bernal Duffo
260 _aBogotá :
_bSociedad Geográfica de Colombia,
_c2014
300 _a376 páginas :
_bilustraciones, fotografías, gráficos, mapas, pinturas y retratos a blanco y negro ;
_c23 cm.
500 _aIncluye datos biográficos del autor.
505 0 _aUbicación conceptual -- Aspectos generales -- Síntesis histórica -- Manifestaciones religiosas -- Fiestas y eventos -- Artes plásticas -- La pintura mural del templo de Turmequé -- Museos -- Manifestaciones musicales -- Manifestaciones lingüisticas
520 3 _aLa Sociedad Geográfica de Colombia, convencida de que se debe "pensar globalmente pero pensar localmente", ha puesto sus ojos en los territorios, que son la cédula primordial del tejido regional y este del tejido de la nación
650 1 4 _aEnsayos Colombiano
_ySiglo XXI
_910521
650 1 4 _aTurmequé
_zBoyacá(Colombia)
_910522
650 1 4 _aCostumbres populares
_910523
942 _2ddc
_cBK
999 _c6360
_d6360